书目信息 |
| 题名: |
马列著作选读
|
|
| 作者: | 本社编 | |
| 分册: | ||
| 出版信息: | 石家庄 河北人民出版社 1975 |
|
| 页数: | 467页 | |
| 开本: | 20cm | |
| 丛书名: | ||
| 单 册: | ||
| 中图分类: | A219 | |
| 科图分类: | ||
| 主题词: | 列宁著作--选集 , 列宁著作--文集 | |
| 电子资源: | ||
| ISBN: | ||
| 000 | 00503nam0 2200193 450 | |
| 001 | 0633233141 | |
| 005 | 20070924094708.51 | |
| 010 | @dCNY0.74 | |
| 100 | @a20060808d1975 km y0chiy0120 ea | |
| 101 | 0 | @achi |
| 102 | @aCN@b130000 | |
| 200 | 1 | @a马列著作选读@Ama lie zhu zuo xuan du@f本社编@Fben she bian |
| 210 | @a石家庄@c河北人民出版社@d1975 | |
| 215 | @a467页@d20cm | |
| 606 | 0 | @a列宁著作@x选集 |
| 606 | 0 | @a列宁著作@x文集 |
| 690 | @aA219@v3 | |
| 801 | 0 | @aCN@bPFT@c20070924 |
| 905 | @a10447@dA219@e40 | |
| 马列著作选读/本社编.-石家庄:河北人民出版社,1975 |
| 467页;20cm |
| ISBN :CNY0.74 |
| ● |
| 相关链接 |
|
|
|
|
正题名:马列著作选读
索取号:A219/40
 
预约/预借
| 序号 | 登录号 | 条形码 | 馆藏地/架位号 | 状态 | 备注 |
| 1 | 0447250 | 204472506 | 密集书库/ [索取号:A219/40] | 在馆 | |
| 2 | 0624660 | 206246604 | 密集书库/ [索取号:A219/40] | 在馆 | |
| 3 | 626037 | 206260375 | 密集书库/ [索取号:A219/40] | 在馆 |